000000838 001__ 838 000000838 005__ 20260422075722.0 000000838 0247_ $$2DOI$$a10.6083/M4B56GRK 000000838 037__ $$aETD 000000838 245__ $$aObesity and periodontitis progression in older men 000000838 260__ $$bOregon Health and Science University 000000838 269__ $$a2007 000000838 336__ $$aThesis 000000838 502__ $$bM.P.H. 000000838 520__ $$aObesity has been proposed as a risk factor for periodontal disease, though its role in disease progression among older men remains unclear. This study examined associations between multiple obesity measures and periodontitis progression in a cohort of community-dwelling U.S. men aged 65 years and older participating in the MrOS study. Periodontal status was assessed at two time points, and obesity was measured using body mass index and DXA-derived fat distributions. Severe periodontitis was present in 36% of participants at baseline, and 33% experienced disease progression. After adjustment for relevant confounders and stratification by baseline periodontal status, no significant associations were found between any obesity measure and periodontitis progression. These findings do not support obesity as a risk factor for periodontal disease progression in older men. 000000838 540__ $$fCC BY 000000838 542__ $$fIn copyright - single owner 000000838 650__ $$aMen$$022015 000000838 650__ $$aObesity$$023118 000000838 650__ $$aPeriodontal Attachment Loss$$030117 000000838 650__ $$aAged$$014351 000000838 650__ $$aPeriodontitis$$023830 000000838 650__ $$aIdeal Body Weight$$038738 000000838 650__ $$aPeriodontal Diseases$$023822 000000838 650__ $$aCohort Studies$$028327 000000838 691__ $$aSchool of Medicine$$041369 000000838 692__ $$aDepartment of Public Health and Preventive Medicine$$041444 000000838 7001_ $$aHexem, Kari$$uOregon Health and Science University$$041354 000000838 7201_ $$aMarshall, Lynn$$uOregon Health and Science University$$041354$$7Personal$$eAdvisor 000000838 8564_ $$9a0747fb5-509f-4e38-9637-641906c3a20e$$s4939406$$uhttps://digitalcollections.ohsu.edu/record/838/files/841_etd.pdf$$ePublic$$23cbc69592764dddf76ec0f7a890753b8$$31 000000838 901__ $$a<p>These documents are archival records. They are retained for historical reference only. </p><p><b>Need an accessible version? Use the ‘Get Accessible Copy’ link above.</b></p> 000000838 905__ $$a/rest/prod/mg/74/qm/15/mg74qm15t 000000838 909CO $$ooai:digitalcollections.ohsu.edu:838$$pstudent-work 000000838 956__ $$aGet Accessible Copy$$uhttps://ohsu.libwizard.com/f/requestaccessibledocument 000000838 980__ $$aTheses and Dissertations